Statistiken für Erfolgreichste Filme der 2000er

Klicken Sie hier um das Quiz zu spielen!

Allgemein

  • Dieses Quiz wurde 210 mal gespielt
  • Das Durchschnittsergebnis liegt bei 15 aus 20

Antwortstatistiken

ZuschauerBeschreibungFilm% Korrekt
8.009.941Junge Zauberer müssen eine Reihe tödlicher Turniere bestehenHarry Potter und der Feuerkelch
99%
6.627.175Junge Zauberer erfahren das Geheimnis eines angeblichen MördersHarry Potter und der Gefangene von Askaban
99%
7.103.458Junge Zauberer stellen sich gegen ein faschistisches SystemHarry Potter und der Orden des Phönix
99%
12.657.650Ein Waisenjunge erfährt, dass er ein Zauberer istHarry Potter und der Stein der Weisen
99%
9.736.034Ein junger Zauberer löst das Mysterium um ein in seiner Schule verstecktes MonsterHarry Potter und die Kammer des Schreckens
99%
11.955.052Eine Gruppe bricht auf, um mithilfe eines Rings einen übermächtigen Herrscher zu besiegenDer Herr der Ringe: Die Gefährten
98%
10.466.058Nach jahrelanger Reise wird der böse Herrscher in einem Vulkangebiet besiegtDer Herr der Ringe: Die Rückkehr des Königs
98%
10.777.956Die Menschen werden mobilisiert, um einen bösen Herrscher und dessen Monsterarmee zu besiegenDer Herr der Ringe: Die zwei Türme
98%
7.225.537Piraten kämpfen gegen einen Tintenfischkopf und sein SeemonsterFluch der Karibik 2
84%
7.299.318Eine Gruppe Steinzeittiere kümmert sich um ein MenschenkindIce Age
82%
8.747.671Eine Gruppe Steinzeittiere muss einer drohenden Flut entkommenIce Age 2
82%
8.705.891Eine Gruppe Steinzeittiere entdecken eine verborgene DinosaurierweltIce Age 3
82%
8.679.400Ein Fischvater sucht seinen entführten SohnFindet Nemo
78%
6.718.524New Yorker Zootiere landen auf einer afrikanischen InselMadagascar
78%
11.721.183Zwei Blutsbrüder gehen auf eine humorvolle Schatzsuche im Wilden WestenDer Schuh des Manitu
63%
6.799.6997 Einsiedler retten eine schöne Prinzessin vor ihrer bösen Stiefmutter7 Zwerge – Männer allein im Wald
58%
11.692.617Nach Erlangung eines neuen Körpers wird ein Mensch zum Anführer des Alien-WiderstandsAvatar
43%
9.165.932Zwei schwule Astronauten retten durch eine Zeitreise die Welt(T)Raumschiff Surprise – Periode 1
36%
6.584.314Zwei Geschwister gaukeln ihrer Mutter die DDR vorGood Bye, Lenin!
29%
6.485.251Ein Mann kann die Gedanken aller Frauen lesenWas Frauen wollen
13%

Verteilung der Resultate

Perzentil nach korrekt beantworteten Fragen

Anzahl Personen mit jedem Resultat

Ihre Resultats-Entwicklung

Sie haben dieses Quiz noch nicht gespielt